Datum a čas kvízu
40.5
Celkem bodů
Celkový počet nahraných bodů na tomto kvízu bez doplňovacích otázek.
6.
Pořadí na kvízu
Konečné umístění týmu na tomto kvízu.
Zaznamenané odpovědi
| # | Otázka | Odpověď | Body | Výsledky |
|---|---|---|---|---|
| 1. | Které zvíře napadlo minulý týd... | A | 1 | |
| 2. | Italská vesnice Punta Marina č... | pávy | 1 | |
| 3. | Komu bude věnován letošní ročn... | Václavu Havlovi | 1 | |
| 4. | Německý soud rozhodl, že potra... | Milku | 1 | |
| 5. | Minulý týden bylo oznámeno, pr... | o Kosovo | 0 | |
| 6. | Vítězné téma facebookového hla... | 36 týmů | 1 | |
| 7. | Ve kterých třech jazycích je s... | angličtina, francouzština, němčina | 1 | |
| 8. | Pokud budeme počítat i předchů... | C | 0 | |
| 9. | K památnému finále došlo v roc... | Vladimír Šmicer, Milan Baroš | 1 | |
| 10. | Historicky nejlepšími střelci... | Karim Benzema | 0 |